| 000 | 00822cam a2200229 a 4500 | ||
|---|---|---|---|
| 001 | 15039950 | ||
| 005 | 20201124143228.0 | ||
| 008 | 071011s2002 njua | b 001 0 eng d | ||
| 020 | _a0130432431 | ||
| 035 | _a(OCoLC)ocn174134188 | ||
| 035 | _a(OCoLC)174134188 | ||
| 040 |
_aDLC _cDLC _dBAKER _dBTCTA _dYDXCP _dC#P _dBWX _dDLC |
||
| 050 | 0 | 0 |
_aHF5686.I56 _bC53 2008 |
| 082 | 0 | 0 |
_222 _a657.96 _bCHO |
| 245 | 1 | 0 |
_aInternational Accounting / _cFrederick D.S. Choi, Carol Ann Frost & Gary K. Meek |
| 250 | _a4th ed. | ||
| 260 |
_aUpper Saddle River, N.J. : _bPearson Prentice Hall, _c2002 |
||
| 300 |
_axviii, 522 p. : _bill. ; _c25 cm. |
||
| 504 | _aIncludes bibliographical references and index. | ||
| 942 |
_2ddc _cBB |
||
| 999 |
_c13056 _d13056 |
||